Yüklüyor......

The philosophy of dialectical materialism /

Detaylı Bibliyografya
Yazar: I͡U︡rkovet͡s︡, I.
Materyal Türü: Printed Book
Baskı/Yayın Bilgisi: Moscow : Progress Publishers, c1984.
Seri Bilgileri:Guides to the social sciences
Konular:
LEADER 00686cam a2200181 a 4500
082 0 |a 335.4112  |b YUR/P 
100 1 |a I͡U︡rkovet͡s︡, I., 
245 1 4 |a The philosophy of dialectical materialism / 
260 |a Moscow :  |b Progress Publishers,  |c c1984. 
300 |a 267 p. ; 
490 1 |a Guides to the social sciences 
500 |a Title from verso t.p.: Dialektiko-materialisticheskai͡a︡ filosofii͡a︡. 
650 0 |a Dialectical materialism. 
650 0 |a Philosophy. 
650 0 |a Sociology. 
942 |c BK 
999 |c 97832  |d 97832 
952 |0 0  |1 0  |4 0  |6 335_411200000000000_YUR_P  |7 0  |9 90927  |a SSS  |b SSS  |c GEN  |d 2011-11-21  |g 6.50  |l 3  |o 335.4112 YUR/P  |p SSSMK0535  |r 2014-08-13  |s 2014-08-08  |w 2011-11-21  |y BK